Financial Management (Record no. 5133)

MARC details
000 -LEADER
fixed length control field 00298nam a2200133Ia 4500
008 - FIXED-LENGTH DATA ELEMENTS--GENERAL INFORMATION
fixed length control field 191201s2013 xx 000 0 und d
100 ## - MAIN ENTRY--PERSONAL NAME
Personal name CHANDRA, Prasanna
245 #0 - TITLE STATEMENT
Title Financial Management
250 ## - EDITION STATEMENT
Edition statement 8th
260 ## - PUBLICATION, DISTRIBUTION, ETC. (IMPRINT)
Place of publication, distribution, etc N. Delhi
Name of publisher, distributor, etc TMH
Date of publication, distribution, etc 2013
300 ## - PHYSICAL DESCRIPTION
Extent 1062
650 ## - SUBJECT ADDED ENTRY--TOPICAL TERM
Topical term or geographic name as entry element BBA
942 ## - ADDED ENTRY ELEMENTS (KOHA)
Source of classification or shelving scheme Dewey Decimal Classification
Koha item type Text Books
Holdings
Withdrawn status Lost status Source of classification or shelving scheme Damaged status Not for loan Collection code Home library Current library Date acquired Source of acquisition Cost, normal purchase price Bill Number Total Checkouts Full call number Acc. no. / Barcode Date last seen Bill Date Koha item type Date last borrowed
    Dewey Decimal Classification     BBA PIET C-LIBRARY PIET C-LIBRARY 18/02/2012 IBH, New Delhi 625.00 18200   658.15 CHF 18891 04/12/2019 08/02/2012 Text Books  
    Dewey Decimal Classification     BBA PIET C-LIBRARY PIET C-LIBRARY 18/02/2012 IBH, New Delhi 625.00 18200   658.15 CHF 18892 04/12/2019 08/02/2012 Text Books  
    Dewey Decimal Classification     BBA PIET C-LIBRARY PIET C-LIBRARY 18/02/2012 IBH, New Delhi 625.00 18200   658.15 CHF 18893 04/12/2019 08/02/2012 Text Books  
    Dewey Decimal Classification     BBA PIET C-LIBRARY PIET C-LIBRARY 18/02/2012 IBH, New Delhi 625.00 18200 1 658.15 CHF 18894 16/02/2023 08/02/2012 Text Books 10/02/2023
    Dewey Decimal Classification     BBA PIET C-LIBRARY PIET C-LIBRARY 18/02/2012 IBH, New Delhi 625.00 18200 1 658.15 CHF 18895 29/09/2025 08/02/2012 Text Books 12/09/2025
    Dewey Decimal Classification     BBA PIET C-LIBRARY PIET C-LIBRARY 18/02/2012 IBH, New Delhi 625.00 18200   658.15 CHF 18896 04/12/2019 08/02/2012 Text Books  

Design & Developed by: PIET Central Library
R70 Miles Stone Pattikalyana Samalkha Panipat 132102
mail ID :- [email protected], Phone No:- 0180-2569700 Ex.216